STARTING SCIENCE

Bibliographic Details
Format: Book
Published: New York Oxford University Press ♭1996
Edition:Book Three
Subjects:
LEADER 00790cam a2200241 i 4500
001 0000150725
005 20260407090000.0
008 260407t1996 nyua e eng
020 |a 9780199143740  |q paperback  |c RM79.90 
040 |a RMC  |b eng  |c RMC  |e rda 
090 0 0 |a 503  |b STA 
245 1 0 |a STARTING SCIENCE  |c Tony Partridge 
250 |a Book Three 
264 1 |a New York  |b Oxford University Press  |c ♭1996 
300 |a 106pages  |b illustrations,color,photo  |c 28cm 
336 |a text  |2 rdacontent 
337 |a unmediated  |2 rdamedia 
338 |a volume  |2 rdacarrier 
500 |a included index 
650 0 |a Science  |x Study and teaching 
650 1 0 |a Environmental studies 
852 1 |a RMC 
999 |a M000000189  |b Royal Military College  |d BOOKS  |e Rujukan  |f Royal Military College  |j AVAILABLE  |q GOOD CONDITION